000 00289nam a2200109Ia 4500
001 1264683
005 20260417141945.0
008 260417s9999 xx 000 0 und d
020 _a9789752893412
245 0 _aKonuştuğumuz Gibi Uzaklara
_cKürşat Başar
260 _bEverest Yayınları
999 _c1264683
_d1264683